[Event "Sparkassen-Open A"]
[Site "Heusenstamm, Martinsee"]
[Date "2022.11.20"]
[Round "7.1"]
[White "Safarli, Eltaj"]
[Black "Kramer, Julian"]
[Result "1-0"]
[WhiteElo "2616"]
[BlackElo "2461"]
[PlyCount "55"]
[EventDate "2022.??.??"]
[WhiteTeam "vereinslos"]
[BlackTeam "Hamburger SK von 1830"]

1. e4 c5 2. Nc3 Nc6 3. Bb5 Nd4 4. Nf3 Nxb5 5. Nxb5 d6 6. d4 Nf6 7. Qd3 a6 8.
Nc3 cxd4 9. Nxd4 h6 10. Bd2 e5 11. Nf5 g6 12. Ne3 Be6 13. Ncd5 Nxd5 14. Nxd5
Bxd5 15. Qxd5 Qb6 16. Bc3 Qc6 17. O-O-O Qxd5 18. Rxd5 Rd8 19. Rhd1 Be7 20. Bb4
Bg5+ 21. Kb1 Be7 22. Bxd6 f6 23. c4 Rh7 24. Bxe7 Rxd5 25. Rxd5 Rxe7 26. Rd6 Rc7
27. Rxf6 Rxc4 28. f3 1-0

[Event "Sparkassen-Open A"]
[Site "Heusenstamm, Martinsee"]
[Date "2022.11.20"]
[Round "7.3"]
[White "Milov, Leonid"]
[Black "Dgebuadze, Alexandre"]
[Result "0-1"]
[WhiteElo "2433"]
[BlackElo "2420"]
[PlyCount "106"]
[EventDate "2022.??.??"]
[WhiteTeam "SC Noris-Tarrasch NÃ¼rnberg"]
[BlackTeam "SC Remagen-Sinzig"]

1. e4 e6 2. Nf3 d5 3. Nc3 Nf6 4. e5 Nfd7 5. d4 c5 6. Ne2 Nc6 7. c3 b5 8. Nf4
Qb6 9. Be2 cxd4 10. cxd4 b4 11. Be3 Ba6 12. O-O Be7 13. h4 O-O 14. Bxa6 Qxa6
15. Ng5 Bxg5 16. hxg5 Rfc8 17. g3 Ne7 18. g4 Qc4 19. Qf3 Ng6 20. Rfc1 Qa6 21.
Qe2 Rc4 22. Nd3 Rac8 23. Kg2 Qb7 24. Kg3 a5 25. f4 R8c6 26. f5 exf5 27. gxf5
Ne7 28. Rf1 Rc2 29. Qh5 Nxf5+ 30. Rxf5 g6 31. Qf3 gxf5 32. Qxd5 Rc7 33. Nf4 Nf8
34. Qxb7 Rxb7 35. b3 Rc3 36. Nd5 Rd3 37. Kf3 Ne6 38. Ke2 Rxd4 39. Bxd4 Nxd4+
40. Kf2 Kg7 41. Rd1 Ne6 42. Nf6 Nxg5 43. Rd8 Ne4+ 44. Nxe4 fxe4 45. Rd4 Kg6 46.
Rxe4 Re7 47. Kf3 Re6 48. Rg4+ Kf5 49. Rf4+ Kxe5 50. Rh4 h6 51. Ke3 f5 52. Rc4
Kd5+ 53. Kd3 Rc6 0-1

[Event "Sparkassen-Open A"]
[Site "Heusenstamm, Martinsee"]
[Date "2022.11.20"]
[Round "7.4"]
[White "Hagner, Bennet"]
[Black "Hebbering, Tom Elliot"]
[Result "1-0"]
[WhiteElo "2336"]
[BlackElo "2229"]
[PlyCount "71"]
[EventDate "2022.??.??"]
[WhiteTeam "Frankfurter TV 1860"]
[BlackTeam "SK 1980 Gernsheim"]

1. e4 c5 2. Nf3 e6 3. d4 cxd4 4. Nxd4 Nc6 5. Nc3 Qc7 6. Be3 a6 7. Qf3 Nf6 8.
O-O-O Be7 9. Kb1 d6 10. Nxc6 bxc6 11. g4 e5 12. Rg1 Be6 13. g5 Nd7 14. h4 Rb8
15. Bh3 Nf8 16. h5 Bxh3 17. Qxh3 Ne6 18. Ne2 d5 19. Bc1 d4 20. Qf5 g6 21. Qh3
Rf8 22. f4 exf4 23. hxg6 hxg6 24. Rgf1 Qb6 25. Nxf4 Nxf4 26. Rxf4 Bxg5 27. Qg3
Bxf4 28. Qxf4 Rb7 29. c3 dxc3 30. Qe5+ Re7 31. Qxc3 Rd7 32. Qe5+ Re7 33. Qg7
Qb4 34. Bh6 Rxe4 35. Qf6 Qb6 36. Bg5 1-0

[Event "Sparkassen-Open A"]
[Site "Heusenstamm, Martinsee"]
[Date "2022.11.20"]
[Round "7.5"]
[White "Dolzhykova, Kateryna"]
[Black "Eilers, Stefan"]
[Result "0-1"]
[WhiteElo "2204"]
[BlackElo "2292"]
[PlyCount "46"]
[EventDate "2022.??.??"]
[WhiteTeam "SV Oberursel"]
[BlackTeam "SG Dietzenbach"]

1. e4 d6 2. d4 Nf6 3. Nc3 e5 4. Nf3 Nbd7 5. g4 Nxg4 6. Rg1 Ngf6 7. Bc4 h6 8.
dxe5 dxe5 9. Nh4 c6 10. Qd3 b5 11. Bb3 g6 12. Bxf7+ Kxf7 13. Nxg6 Rg8 14. Nxe5+
Nxe5 15. Qxd8 Rxg1+ 16. Kd2 Nc4+ 17. Kd3 Be7 18. Qc7 Bh3 19. Ke2 Rc8 20. Qxa7
Bf1+ 21. Kf3 Ne5+ 22. Ke3 Nfg4+ 23. Kf4 Ke6 0-1

[Event "Sparkassen-Open A"]
[Site "Heusenstamm, Martinsee"]
[Date "2022.11.20"]
[Round "7.6"]
[White "Hinrichs, Paul"]
[Black "Neukirchner, Pascal"]
[Result "1/2-1/2"]
[WhiteElo "2172"]
[BlackElo "2288"]
[PlyCount "109"]
[EventDate "2022.??.??"]
[WhiteTeam "Sfr.Heidesheim"]
[BlackTeam "SK Gründau"]

1. Nf3 c5 2. c3 Nf6 3. d4 d5 4. dxc5 e6 5. b4 a5 6. a3 axb4 7. cxb4 b6 8. cxb6
Bxb4+ 9. Nbd2 Bc5 10. e3 O-O 11. Bd3 Nbd7 12. O-O Qxb6 13. e4 Ba6 14. Qe2 Bxd3
15. Qxd3 Ra4 16. exd5 exd5 17. Nb3 Bd6 18. Nbd4 Ne5 19. Qd1 Rfa8 20. Nf5 Nxf3+
21. Qxf3 Bf8 22. h3 Ne4 23. Rd1 Qf6 24. Be3 g6 25. Nh6+ Bxh6 26. Qxf6 Nxf6 27.
Bxh6 d4 28. Rd3 Ne4 29. Re1 Nc5 30. Rf3 Ne6 31. Bc1 Rd8 32. Rd1 Rb8 33. Bd2 Rc4
34. Bb4 f5 35. g4 f4 36. h4 h6 37. Re1 Rc6 38. Re5 Rd8 39. Rd3 Kf7 40. g5 hxg5
41. hxg5 Rh8 42. Kg2 Rh5 43. Bd2 Rxg5+ 44. Rxg5 Nxg5 45. Rxd4 Ne6 46. Rd5 Ra6
47. Bb4 Kf6 48. Kf3 Rc6 49. Rd3 Kf5 50. Rd5+ Kf6 51. Kg4 Rc2 52. Rd2 Rc4 53.
Rd7 Ke5 54. Bd6+ Kf6 55. Bb4 1/2-1/2

[Event "Sparkassen-Open A"]
[Site "Heusenstamm, Martinsee"]
[Date "2022.11.20"]
[Round "7.7"]
[White "Laux, Dominik"]
[Black "Haack, Kevin"]
[Result "1/2-1/2"]
[WhiteElo "2280"]
[BlackElo "2219"]
[PlyCount "37"]
[EventDate "2022.??.??"]
[WhiteTeam "SV 1920 Hofheim"]
[BlackTeam "SV 1920 Hofheim"]

1. e4 c6 2. Nf3 d5 3. Nc3 Bg4 4. h3 Bxf3 5. Qxf3 e6 6. Be2 Bc5 7. O-O Nd7 8.
Rd1 Bd4 9. exd5 cxd5 10. Nb5 Be5 11. d4 Bb8 12. Bf4 Ndf6 13. Bxb8 Qxb8 14. Qc3
Kd7 15. a4 a6 16. Na3 Ne7 17. Qd3 Rd8 18. c3 Ke8 19. Nc2 1/2-1/2

[Event "Sparkassen-Open A"]
[Site "Heusenstamm, Martinsee"]
[Date "2022.11.20"]
[Round "7.8"]
[White "Gahan, M G."]
[Black "Gallasch, Jonas"]
[Result "1/2-1/2"]
[WhiteElo "2228"]
[BlackElo "2275"]
[PlyCount "104"]
[EventDate "2022.??.??"]
[WhiteTeam "vereinslos"]
[BlackTeam "SG Porz"]

1. e4 c6 2. d4 d5 3. e5 Bf5 4. Be3 e6 5. Nd2 Nd7 6. Ngf3 h6 7. c3 Ne7 8. Nb3
Qc7 9. Bd3 g5 10. Bxf5 Nxf5 11. g4 Nxe3 12. fxe3 Be7 13. Qc2 O-O-O 14. O-O-O f6
15. Qg6 Kb8 16. Rdf1 Rde8 17. exf6 Bxf6 18. Nfd2 Qd8 19. Rf3 e5 20. Rhf1 Reg8
21. Qf7 e4 22. Rf5 Rf8 23. Qe6 Ka8 24. h3 Re8 25. Qf7 Be7 26. Kc2 Ref8 27. Qe6
Rxf5 28. Rxf5 Nf6 29. Nf1 Rf8 30. Ng3 Bd6 31. Nh5 Nxh5 32. gxh5 Rxf5 33. Qxf5
Qf8 34. Qe6 Kb8 35. Nd2 Kc7 36. c4 Bb4 37. Qe5+ Bd6 38. Qe6 Bb4 39. Qe5+ Kb6
40. c5+ Ka6 41. Qh2 b6 42. Nb3 Qf1 43. Nc1 bxc5 44. a3 Be1 45. dxc5 Bf2 46. Qd6
Qb5 47. Qxh6 Bxe3 48. Qh8 d4 49. Qc8+ Ka5 50. Qc7+ Ka6 51. Qc8+ Ka5 52. Qc7+
Ka6 1/2-1/2

[Event "Sparkassen-Open A"]
[Site "Heusenstamm, Martinsee"]
[Date "2022.11.20"]
[Round "7.9"]
[White "Kersten, Uwe"]
[Black "Besou, Hussain"]
[Result "0-1"]
[WhiteElo "2256"]
[BlackElo "2106"]
[PlyCount "114"]
[EventDate "2022.??.??"]
[WhiteTeam "Sfr.Bad Emstal/Wolfhagen"]
[BlackTeam "LSV Turm Lippstadt"]

1. e4 c6 2. d4 d5 3. Nc3 dxe4 4. Nxe4 Nf6 5. Nxf6+ exf6 6. c3 Bd6 7. Bd3 O-O 8.
Ne2 Re8 9. O-O Nd7 10. Ng3 Nf8 11. Bd2 Be6 12. Qc2 Qc7 13. Rfe1 Rad8 14. Rad1
c5 15. dxc5 Bxc5 16. Ne4 Be7 17. b3 Nd7 18. Bb5 a6 19. Bxd7 Rxd7 20. Be3 Red8
21. Rxd7 Rxd7 22. Qc1 Qc6 23. f3 h6 24. c4 f5 25. Nf2 Bf6 26. Rd1 Be5 27. Rxd7
Qxd7 28. Bf4 Bf6 29. Qe3 Qe7 30. Nd3 Qa3 31. Qe2 Bd4+ 32. Kf1 a5 33. Be5 Bxe5
34. Nxe5 a4 35. Qc2 axb3 36. Qxb3 Qc1+ 37. Ke2 f6 38. Qb6 Bxc4+ 39. Nxc4 Qxc4+
40. Ke1 Qxa2 41. Qxb7 Qxg2 42. Qc8+ Kf7 43. Qxf5 Qg1+ 44. Ke2 Qxh2+ 45. Kf1 Qe5
46. Qd7+ Kg8 47. Qc8+ Kh7 48. Qc2+ f5 49. Kg2 Qf4 50. Qd3 h5 51. Qe2 h4 52. Qe1
Kh6 53. Qf2 Kh5 54. Qe1 g6 55. Qe2 Qg3+ 56. Kh1 h3 57. f4+ Qg4 0-1

[Event "Sparkassen-Open A"]
[Site "Heusenstamm, Martinsee"]
[Date "2022.11.20"]
[Round "7.10"]
[White "Podat, Vladimir"]
[Black "Schmidt, Markus"]
[Result "1/2-1/2"]
[WhiteElo "2255"]
[BlackElo "2099"]
[PlyCount "26"]
[EventDate "2022.??.??"]
[WhiteTeam "SC Untergrombach 46"]
[BlackTeam "SK Niederbrechen 1948"]

1. d4 d5 2. c4 e6 3. Nf3 Nf6 4. Nc3 a6 5. cxd5 exd5 6. Bg5 Be6 7. e3 Nbd7 8.
Be2 Be7 9. O-O Ne4 10. Bxe7 Qxe7 11. Qb3 Nxc3 12. bxc3 Rb8 13. c4 dxc4 1/2-1/2

[Event "Sparkassen-Open A"]
[Site "Heusenstamm, Martinsee"]
[Date "2022.11.20"]
[Round "7.12"]
[White "Heimrath, Reiner"]
[Black "Nemitz, Alfred"]
[Result "1-0"]
[WhiteElo "2187"]
[BlackElo "1802"]
[PlyCount "55"]
[EventDate "2022.??.??"]
[WhiteTeam "SC Noris-Tarrasch Nürnberg"]
[BlackTeam "USV Potsdam"]

1. e4 e5 2. d4 exd4 3. Bc4 Nc6 4. Nf3 Bc5 5. c3 Nf6 6. b4 Be7 7. b5 Na5 8. Bd3
dxc3 9. e5 Nd5 10. Be4 Nb6 11. Qd4 a6 12. Nxc3 O-O 13. Bc2 d6 14. Bh6 dxe5 15.
Qe3 Nac4 16. Qc1 gxh6 17. Qxh6 f5 18. Bb3 Bb4 19. O-O Bxc3 20. Rac1 Qf6 21. Qh5
e4 22. Ng5 h6 23. Rxc3 Qxg5 24. Rg3 Qxg3 25. fxg3 Kg7 26. g4 Ne3 27. g5 Ng4 28.
h3 1-0

[Event "Sparkassen-Open A"]
[Site "Heusenstamm, Martinsee"]
[Date "2022.11.20"]
[Round "7.14"]
[White "Krastev, Alexander"]
[Black "Siegert, Gregor"]
[Result "1-0"]
[WhiteElo "2422"]
[BlackElo "1891"]
[PlyCount "57"]
[EventDate "2022.??.??"]
[WhiteTeam "SG Solingen"]
[BlackTeam "Schachforum Darmstadt 1994"]

1. e4 c5 2. Nc3 e6 3. Nf3 a6 4. g3 Nc6 5. d4 cxd4 6. Nxd4 Qc7 7. Bg2 Nf6 8. O-O
Bc5 9. Nxc6 dxc6 10. e5 Qxe5 11. Bf4 Qd4 12. Qe2 Be7 13. Rfd1 Qb6 14. Na4 Qa5
15. b3 Bd7 16. Be3 O-O 17. Nb6 Rad8 18. Nc4 Qf5 19. Bb6 Rc8 20. Ne5 Be8 21. c4
c5 22. Rd3 Bc6 23. Bxc6 bxc6 24. Rad1 h5 25. Kg2 h4 26. g4 Qg5 27. Kh1 Rfe8 28.
Ba5 Nh7 29. Bd2 1-0

[Event "Sparkassen-Open A"]
[Site "Heusenstamm, Martinsee"]
[Date "2022.11.20"]
[Round "7.15"]
[White "Poysti, Nathanael"]
[Black "Jakel, Wolfgang"]
[Result "1/2-1/2"]
[WhiteElo "2087"]
[BlackElo "2267"]
[PlyCount "83"]
[EventDate "2022.??.??"]
[WhiteTeam "Ottakring"]
[BlackTeam "VSG 1880 Offenbach"]

1. c4 f5 2. g3 Nf6 3. Bg2 g6 4. Nc3 Bg7 5. d3 O-O 6. e4 d6 7. Nge2 Nc6 8. O-O
e5 9. Nd5 Nd4 10. Nxd4 exd4 11. exf5 gxf5 12. Bg5 c6 13. Nf4 Bd7 14. Qd2 Qb6
15. Rae1 Rae8 16. Rxe8 Rxe8 17. Bxf6 Bxf6 18. Nh5 Qd8 19. Qh6 Be5 20. Re1 Re6
21. Qd2 Be8 22. Bf3 Bg6 23. Re2 Re8 24. Qh6 Bh8 25. Rxe8+ Qxe8 26. Nf4 Qf8 27.
Qh3 Be5 28. Nxg6 hxg6 29. Qf1 Qe7 30. h4 Kg7 31. Kg2 Bf6 32. Qd1 a6 33. h5 gxh5
34. Bxh5 Qe5 35. Bf3 Bg5 36. Qh1 Bh6 37. Qh5 Qe6 38. Kf1 Qg6 39. Qh4 Qf6 40.
Qh5 Qg6 41. Qh4 Qf6 42. Qh5 1/2-1/2

[Event "Sparkassen-Open A"]
[Site "Heusenstamm, Martinsee"]
[Date "2022.11.20"]
[Round "7.16"]
[White "Schmidbauer, Frank"]
[Black "Player, Edmund"]
[Result "0-1"]
[WhiteElo "2066"]
[BlackElo "2212"]
[PlyCount "110"]
[EventDate "2022.??.??"]
[WhiteTeam "SV Wollishofen Zuerich"]
[BlackTeam "FC Bayern München"]

1. Nf3 d5 2. g3 g6 3. Bg2 Bg7 4. d4 Nf6 5. O-O O-O 6. c4 c6 7. b3 Bf5 8. Bb2 a5
9. Nc3 Ne4 10. e3 h6 11. Nh4 Nxc3 12. Bxc3 Be6 13. Qe2 Qb6 14. Rfd1 Qa6 15. Bf1
Nd7 16. Rac1 a4 17. Bb4 Rfe8 18. c5 Qxe2 19. Bxe2 axb3 20. axb3 g5 21. Ng2 Bf5
22. f4 Ra2 23. Rd2 Rea8 24. Bd1 Ra1 25. Rxa1 Rxa1 26. Kf2 Nf6 27. Bc2 Bxc2 28.
Rxc2 Ng4+ 29. Ke2 Nxh2 30. Ne1 gxf4 31. gxf4 h5 32. Kd3 Ng4 33. Nf3 Bf6 34. Be1
Rd1+ 35. Rd2 Rxd2+ 36. Kxd2 Kg7 37. Ke2 Kg6 38. Bh4 Kf5 39. Be1 Nh6 40. b4 Kg4
41. Nd2 h4 42. Bxh4 Bxh4 43. Nb3 Kf5 44. Na5 Ke6 45. Nxb7 Kd7 46. e4 dxe4 47.
d5 Nf5 48. dxc6+ Kxc6 49. Nd8+ Kd5 50. Nxf7 Nd4+ 51. Kd2 Bf2 52. Ne5 e3+ 53.
Kd3 e2 54. Nf3 e1=Q 55. Nxe1 Bxe1 0-1

[Event "Sparkassen-Open A"]
[Site "Heusenstamm, Martinsee"]
[Date "2022.11.20"]
[Round "7.17"]
[White "Rosenberger, Frank"]
[Black "Weber, Samuel"]
[Result "1/2-1/2"]
[WhiteElo "2033"]
[BlackElo "2198"]
[PlyCount "158"]
[EventDate "2022.??.??"]
[WhiteTeam "SK 1980 Gernsheim"]
[BlackTeam "SV Oberursel"]

1. e4 a6 2. d4 g6 3. Nf3 Bg7 4. c3 d6 5. Bd3 Nd7 6. O-O e5 7. Qe2 Ngf6 8. Bg5
h6 9. Bxf6 Bxf6 10. dxe5 dxe5 11. Nbd2 O-O 12. Bc4 Qe7 13. b4 Rd8 14. Rfd1 Nf8
15. Nf1 Rxd1 16. Rxd1 a5 17. a3 axb4 18. axb4 Ne6 19. Ne3 c6 20. Qd2 Ng5 21.
Nxg5 Bxg5 22. Qd3 Kf8 23. h3 Be6 24. Nf1 Ra3 25. Nh2 b5 26. Bxe6 Qxe6 27. Nf3
Be7 28. Qd2 Kg7 29. Kh2 Bf6 30. Rc1 Qc4 31. Qe3 Ra2 32. Nd2 Rxd2 33. Qxd2 Bg5
34. Qc2 Bxc1 35. Qxc1 Qxe4 36. Qd1 Qd5 37. Qe1 Kf6 38. Qe3 h5 39. h4 Ke6 40. g3
e4 41. Qb6 Kf5 42. Qc7 Qc4 43. Qc8+ Kf6 44. Qh8+ Kf5 45. Qc8+ Kf6 46. Qh8+ Ke7
47. Qe5+ Qe6 48. Qc7+ Kf8 49. Qd8+ Kg7 50. Qd4+ Qf6 51. Qc5 Qf3 52. Qd4+ Kh7
53. Qc5 Qf5 54. Qd4 Qe6 55. Kg1 Qd5 56. Qf6 Kg8 57. Kh2 c5 58. bxc5 Qxc5 59.
Qd8+ Kg7 60. Qd2 Qc4 61. Kg1 Qc5 62. Kg2 Qe5 63. Qe3 Qd5 64. Kh2 Kf6 65. Qb6+
Ke5 66. Qe3 Kd6 67. Qb6+ Kd7 68. Qa7+ Kc6 69. Qa8+ Kc5 70. Qa3+ Kb6 71. Qe7 Qd2
72. Qxf7 Qxc3 73. Qxg6+ Qc6 74. Qxh5 b4 75. Qg5 Qc3 76. Qg6+ Ka5 77. Qf5+ Kb6
78. Qg6+ Ka5 79. Qf5+ Kb6 1/2-1/2

[Event "Sparkassen-Open A"]
[Site "Heusenstamm, Martinsee"]
[Date "2022.11.20"]
[Round "7.18"]
[White "Junker, Christian"]
[Black "Förster, Erik"]
[Result "0-1"]
[WhiteElo "1995"]
[BlackElo "2175"]
[PlyCount "108"]
[EventDate "2022.??.??"]
[WhiteTeam "SV 1926 Neu-Isenburg"]
[BlackTeam "Sfr.Heidesheim"]

1. Nf3 Nf6 2. g3 b5 3. d3 d5 4. Nbd2 Bb7 5. Bg2 c5 6. O-O e6 7. c4 bxc4 8. dxc4
Nbd7 9. e4 Nxe4 10. Nxe4 dxe4 11. Ng5 Be7 12. Nxe4 O-O 13. Qe2 Qb6 14. Rd1 Rfd8
15. Ng5 Bxg2 16. Kxg2 Bf6 17. Qe4 Nf8 18. Be3 Qxb2 19. Nf3 Rac8 20. a4 Rxd1 21.
Rxd1 Qb3 22. Rb1 Qxa4 23. Qb7 Qc6 24. Qxa7 h6 25. Qb7 Nd7 26. Qxc6 Rxc6 27. Rb7
Ne5 28. Rb8+ Kh7 29. Nxe5 Bxe5 30. Rd8 Rc7 31. h4 Kg6 32. g4 h5 33. g5 Kf5 34.
Kf3 Bc3 35. Rd3 Bb4 36. Rd8 Ra7 37. Rf8 Kg6 38. Bc1 Ra2 39. Bf4 Bc3 40. Be3 Bd4
41. Rc8 Rc2 42. Bxd4 cxd4 43. c5 e5 44. c6 Kf5 45. c7 e4+ 46. Kg3 d3 47. g6 f6
48. f4 d2 49. Rd8 Rc3+ 50. Kf2 Rxc7 51. Rxd2 Kxf4 52. Ra2 f5 53. Ra8 Rc2+ 54.
Ke1 Rc6 0-1

[Event "Sparkassen-Open A"]
[Site "Heusenstamm, Martinsee"]
[Date "2022.11.20"]
[Round "7.19"]
[White "Wolf, Ulrich Martin"]
[Black "Swoboda, Philipp"]
[Result "0-1"]
[WhiteElo "2182"]
[BlackElo "2002"]
[PlyCount "76"]
[EventDate "2022.??.??"]
[WhiteTeam "SK Bad Homburg 1927"]
[BlackTeam "SV Frankfurt Nord 1926"]

1. d4 d5 2. c4 e6 3. g3 Nf6 4. Bg2 Bb4+ 5. Bd2 Be7 6. Nc3 dxc4 7. Qa4+ c6 8.
Qxc4 O-O 9. Nf3 b5 10. Qd3 Ba6 11. Qc2 Nbd7 12. Bg5 Rc8 13. Ne5 Nxe5 14. dxe5
Nd7 15. Bxe7 Qxe7 16. f4 f6 17. exf6 gxf6 18. O-O-O c5 19. Qd3 Nb6 20. Qd6 Qe8
21. Bh3 f5 22. g4 Rc6 23. Qd3 b4 24. Qxa6 bxc3 25. Rhg1 cxb2+ 26. Kb1 Kh8 27.
Qa3 e5 28. gxf5 exf4 29. Qxb2+ Rcf6 30. Rd3 Na4 31. Qc2 c4 32. Rd5 Qe3 33. Rc1
Rb6+ 34. Ka1 Rb2 35. Qxc4 Rfb8 36. Rd3 Qe5 37. Rd4 R8b4 38. Qd5 Qxd4 0-1

[Event "Sparkassen-Open A"]
[Site "Heusenstamm, Martinsee"]
[Date "2022.11.20"]
[Round "7.20"]
[White "Li, Maxim"]
[Black "Iliev, Mustafa Batuhan"]
[Result "1/2-1/2"]
[WhiteElo "1966"]
[BlackElo "2089"]
[PlyCount "82"]
[EventDate "2022.??.??"]
[WhiteTeam "Wiesbadener SV 1885"]
[BlackTeam "SV KS 1929 Großauheim"]

1. e4 c5 2. Nc3 Nc6 3. Bb5 Nd4 4. Bc4 a6 5. a4 g6 6. Nge2 Bg7 7. Nxd4 cxd4 8.
Qf3 e6 9. Ne2 Ne7 10. O-O O-O 11. Bb3 b6 12. d3 Bb7 13. Qh3 d5 14. f3 Bc8 15.
Bh6 e5 16. Qh4 Be6 17. f4 dxe4 18. Bxe6 Bxh6 19. Qxh6 fxe6 20. dxe4 d3 21. cxd3
Qxd3 22. Nc3 exf4 23. Rad1 Qe3+ 24. Kh1 Rad8 25. Rde1 Qd2 26. Rd1 Qe3 27. Rde1
Qc5 28. Rxf4 Rxf4 29. Qxf4 Rf8 30. Qg4 Qe5 31. Qe2 a5 32. Rf1 Rf4 33. Rxf4 Qxf4
34. g3 Qe5 35. Qd3 Kf7 36. Kg2 Qc5 37. Qf3+ Kg7 38. Qf2 Nc6 39. Qxc5 bxc5 40.
Kf2 Ne5 41. Ke2 g5 1/2-1/2

[Event "Sparkassen-Open A"]
[Site "Heusenstamm, Martinsee"]
[Date "2022.11.20"]
[Round "7.21"]
[White "Kocharin, Timur"]
[Black "Meuer, David"]
[Result "1/2-1/2"]
[WhiteElo "2103"]
[BlackElo "1793"]
[PlyCount "64"]
[EventDate "2022.??.??"]
[WhiteTeam "TSV Schönaich"]
[BlackTeam "SV Lahnstein"]

1. d4 e6 2. e4 d5 3. Nc3 Bb4 4. Nge2 dxe4 5. a3 Be7 6. Nxe4 Nf6 7. N2g3 O-O 8.
c3 Nbd7 9. Bd3 c5 10. dxc5 Nxc5 11. Nxf6+ Bxf6 12. Bxh7+ Kxh7 13. Qh5+ Kg8 14.
Qxc5 b6 15. Qe3 Bb7 16. O-O Qd5 17. f3 Rfd8 18. Qf2 Rd7 19. Be3 Rad8 20. Ne4
Be7 21. Qg3 Qf5 22. Rae1 Rd5 23. Rf2 Rd1 24. Rff1 R1d5 25. Qf4 Qxf4 26. Bxf4
Ba6 27. g4 Bxf1 28. Kxf1 Rd1 29. Ke2 Rxe1+ 30. Kxe1 Rd5 31. Ke2 Kf8 32. Be3 f5
1/2-1/2

[Event "Sparkassen-Open A"]
[Site "Heusenstamm, Martinsee"]
[Date "2022.11.20"]
[Round "7.22"]
[White "Foerster-Yialamas, Lucas"]
[Black "von Auer, Ulrich"]
[Result "1-0"]
[WhiteElo "2125"]
[BlackElo "2025"]
[PlyCount "65"]
[EventDate "2022.??.??"]
[WhiteTeam "Frankfurter TV 1860"]
[BlackTeam "SV Oberursel"]

1. e4 e6 2. d4 d5 3. Nc3 Nf6 4. e5 Nfd7 5. f4 c5 6. Nf3 Nc6 7. Be3 Be7 8. Qd2
O-O 9. dxc5 Qa5 10. O-O-O b6 11. Bb5 Nb4 12. a3 bxc5 13. Bxd7 Bxd7 14. axb4
cxb4 15. Nb1 Rfc8 16. Nd4 Qa2 17. Qd3 a5 18. f5 a4 19. f6 Bc5 20. Rhf1 a3 21.
bxa3 bxa3 22. Nc3 Qb2+ 23. Kd2 Bb4 24. Nde2 a2 25. Ra1 Rab8 26. Bd4 Bb5 27. Qg3
g6 28. Qe3 Bxe2 29. Kxe2 Qxc2+ 30. Kf3 Bxc3 31. Qh6 Qd3+ 32. Kg4 Qe4+ 33. Kh3
1-0

[Event "Sparkassen-Open A"]
[Site "Heusenstamm, Martinsee"]
[Date "2022.11.20"]
[Round "7.23"]
[White "Weil, Volker"]
[Black "Farmani Anosheh, Armin"]
[Result "0-1"]
[WhiteElo "2031"]
[BlackElo "2330"]
[PlyCount "44"]
[EventDate "2022.??.??"]
[WhiteTeam "SC Steinbach"]
[BlackTeam "vereinslos"]

1. d4 d5 2. Nf3 Nf6 3. Bf4 c5 4. e3 Nc6 5. Nbd2 e6 6. c3 Bd6 7. dxc5 Bxc5 8.
Qc2 h6 9. Be2 Nh5 10. O-O Nxf4 11. exf4 Qf6 12. c4 Bb6 13. f5 O-O 14. a3 Nd4
15. Nxd4 Bxd4 16. fxe6 Bxe6 17. Qb3 Rfd8 18. cxd5 Bxd5 19. Bc4 Bc6 20. Rab1
Rac8 21. a4 Be5 22. Bd3 Qf4 0-1

[Event "Sparkassen-Open A"]
[Site "Heusenstamm, Martinsee"]
[Date "2022.11.20"]
[Round "7.24"]
[White "Klundt, Klaus"]
[Black "Stümer, Paul"]
[Result "1-0"]
[WhiteElo "2273"]
[BlackElo "2009"]
[PlyCount "93"]
[EventDate "2022.??.??"]
[WhiteTeam "SC Heusenstamm"]
[BlackTeam "SV Bergneustadt/Dersch"]

1. e4 c5 2. Nf3 Nc6 3. d4 cxd4 4. Nxd4 g6 5. c4 Bh6 6. Nc3 d6 7. Be2 Bxc1 8.
Rxc1 Nf6 9. O-O O-O 10. Qd2 Be6 11. Rfd1 Rc8 12. Nc2 a6 13. Ne3 Qa5 14. Ncd5
Bxd5 15. Qxa5 Nxa5 16. Nxd5 Nxd5 17. cxd5 b5 18. Kf1 Nc4 19. Bxc4 bxc4 20. Rd4
Rb8 21. Rc2 Rfc8 22. Ke2 Rc5 23. Kd2 Kf8 24. Kc3 Rbc8 25. f4 Ke8 26. e5 dxe5
27. fxe5 Rd8 28. Rcd2 Rd7 29. g4 Kf8 30. g5 Ke8 31. h4 Kd8 32. e6 fxe6 33. dxe6
Rxd4 34. Rxd4+ Kc7 35. Rd7+ Kc6 36. Rxe7 Re5 37. Rxh7 Rxe6 38. Kxc4 Re4+ 39.
Kd3 Rg4 40. Rh6 Kb5 41. b3 a5 42. Ke3 Kb4 43. Kf3 Rd4 44. Rxg6 Rxh4 45. Rb6+
Ka3 46. Rb5 Kxa2 47. g6 1-0

[Event "Sparkassen-Open A"]
[Site "Heusenstamm, Martinsee"]
[Date "2022.11.20"]
[Round "7.25"]
[White "Kürschner, Matthias"]
[Black "Röschlau, Bernd"]
[Result "1-0"]
[WhiteElo "1990"]
[BlackElo "2214"]
[PlyCount "113"]
[EventDate "2022.??.??"]
[WhiteTeam "SK Langen"]
[BlackTeam "SC Heusenstamm"]

1. e4 e5 2. Bc4 Nf6 3. Nf3 Nc6 4. Ng5 d5 5. exd5 Na5 6. Bb5+ c6 7. dxc6 bxc6 8.
Qf3 h6 9. Ne4 Nd5 10. Ba4 Be7 11. d3 O-O 12. O-O f5 13. Ng3 Be6 14. Qe2 Qc7 15.
f3 Rae8 16. Nc3 Bc5+ 17. Kh1 Nf4 18. Qe1 Nb7 19. Nge2 Nd8 20. Nxf4 exf4 21. Qh4
g5 22. Qh5 Kg7 23. Bb3 Bd7 24. Bd2 Re7 25. Na4 Be8 26. Bc3+ Kh7 27. Qh3 Be3 28.
d4 Kg6 29. Bb4 Rh8 30. Bxe7 Qxe7 31. Rae1 h5 32. g3 Qf6 33. gxf4 Bxf4 34. Nc5
Bd6 35. Nb7 Bd7 36. Nxd6 Qxd6 37. c3 c5 38. d5 h4 39. c4 Qf6 40. Qg2 h3 41. Qf2
Qd6 42. Rg1 Nf7 43. Ba4 Bc8 44. Qe3 f4 45. Bc2+ Kg7 46. Qe7 Qxe7 47. Rxe7 Kf6
48. Rge1 g4 49. R7e4 Kg5 50. fxg4 Bxg4 51. Bd1 Nd6 52. Re5+ Bf5 53. b3 Kh4 54.
Bf3 a5 55. Rg1 a4 56. Rxf5 Nxf5 57. Rg4+ 1-0

[Event "Sparkassen-Open A"]
[Site "Heusenstamm, Martinsee"]
[Date "2022.11.20"]
[Round "7.27"]
[White "Papadopoulos, Ioannis"]
[Black "Haasner, Tom"]
[Result "1/2-1/2"]
[WhiteElo "2114"]
[BlackElo "1990"]
[PlyCount "102"]
[EventDate "2022.??.??"]
[WhiteTeam "SV Oberursel"]
[BlackTeam "TSV 1869 Rottendorf"]

1. e4 c5 2. Nf3 e6 3. d4 cxd4 4. Nxd4 Nf6 5. Nc3 Nc6 6. Ndb5 Bc5 7. Bf4 O-O 8.
Bc7 Qe7 9. Bd6 Bxd6 10. Qxd6 Qxd6 11. Nxd6 Ne8 12. O-O-O Nxd6 13. Rxd6 f6 14.
Bb5 Ne5 15. f4 Nf7 16. Rd2 d6 17. Bc4 Bd7 18. Ne2 Rfe8 19. Rhd1 Re7 20. Bb3 Kf8
21. g4 g6 22. h4 Bc6 23. Nd4 Bxe4 24. Re1 d5 25. f5 exf5 26. gxf5 gxf5 27. Rf1
Nd6 28. Ne2 Nc4 29. Bxc4 dxc4 30. Ng3 Rae8 31. Rd4 b5 32. Nxf5 Bxf5 33. Rxf5
Re1+ 34. Kd2 R1e2+ 35. Kc3 R8e3+ 36. Kb4 Rxc2 37. Kxb5 Re5+ 38. Rxe5 fxe5 39.
Rxc4 Rxb2+ 40. Kc5 Rxa2 41. Kd6 Kf7 42. Kxe5 Kg6 43. Kf4 Kh5 44. Kg3 Ra3+ 45.
Kg2 a5 46. Kh2 a4 47. Rb4 Ra1 48. Kg2 a3 49. Ra4 Kg6 50. Ra5 Kf6 51. Kh2 Kg6
1/2-1/2

[Event "Sparkassen-Open A"]
[Site "Heusenstamm, Martinsee"]
[Date "2022.11.20"]
[Round "7.28"]
[White "Burkhardt, Holger"]
[Black "Perske, Paul"]
[Result "1/2-1/2"]
[WhiteElo "1979"]
[BlackElo "2043"]
[PlyCount "58"]
[EventDate "2022.??.??"]
[WhiteTeam "SK 1858 Gießen"]
[BlackTeam "Sfr.Heidesheim"]

1. e4 e5 2. Nf3 Nc6 3. Nc3 Nf6 4. Bb5 Bc5 5. O-O d6 6. d4 exd4 7. Nxd4 Bd7 8.
Nf5 O-O 9. Bg5 Be6 10. Nd5 Bxd5 11. exd5 Ne5 12. c3 h6 13. Bh4 Ng6 14. Bg3 Ne4
15. Qg4 Nxg3 16. hxg3 Qf6 17. Rae1 a6 18. Ba4 Ne5 19. Qh3 b5 20. Bc2 Rfe8 21.
Re4 Kf8 22. Rfe1 Ng6 23. Rxe8+ Rxe8 24. Rxe8+ Kxe8 25. Nxg7+ Qxg7 26. Qc8+ Ke7
27. Qxc7+ Ke8 28. Qc8+ Ke7 29. Qc7+ Ke8 1/2-1/2

[Event "Sparkassen-Open A"]
[Site "Heusenstamm, Martinsee"]
[Date "2022.11.20"]
[Round "7.29"]
[White "Blaschke, Henri Johannes"]
[Black "Chassard, Cedric"]
[Result "1/2-1/2"]
[WhiteElo "1822"]
[BlackElo "2041"]
[PlyCount "47"]
[EventDate "2022.??.??"]
[WhiteTeam "SK Vellmar"]
[BlackTeam "SC Schwarzenbach"]

1. d4 Nf6 2. c4 e6 3. Nf3 d5 4. g3 Be7 5. Bg2 O-O 6. O-O dxc4 7. Ne5 Nc6 8.
Bxc6 bxc6 9. Nxc6 Qe8 10. Nxe7+ Qxe7 11. Qa4 e5 12. dxe5 Qxe5 13. Nc3 Be6 14.
Bf4 Qh5 15. Qb5 Qh3 16. Qc6 Rab8 17. Bc1 Rfd8 18. f3 Nh5 19. Qxc7 Rbc8 20. Qe5
f6 21. Qe3 Nxg3 22. hxg3 Qxg3+ 23. Kh1 Qh3+ 24. Kg1 1/2-1/2